Comportamiento mecánico de unión universal en un sistema constructivo de bambú Guadua
Zapisane w:
| 1. autor: | |
|---|---|
| Kolejni autorzy: | |
| Format: | Książka |
| Wydane: |
[San José], Costa Rica
2011
|
| Hasła przedmiotowe: | |
| Etykiety: |
Dodaj etykietę
Nie ma etykietki, Dołącz pierwszą etykiete!
|
MARC
| LEADER | 00000nam a2200000Ia 4500 | ||
|---|---|---|---|
| 003 | 010561 | ||
| 005 | 20240403131128.0 | ||
| 008 | 140114s2011 cr a 000 ||s d | ||
| 040 | |c cru CEDI | ||
| 090 | |a TFG 6398 | ||
| 100 | |a Villalobos Cardozo, Uver Darío, 1987- |9 2860 | ||
| 245 | |a Comportamiento mecánico de unión universal en un sistema constructivo de bambú Guadua | ||
| 260 | |a [San José], Costa Rica |c 2011 | ||
| 500 | |a Proyecto de graduación (licenciatura en ingeniería civil)--Universidad de Costa Rica. Facultad de Ingeniería. Escuela de Ingeniería Civil | ||
| 501 | |a Director de Proyecto de Graduación: Ing. Guillermo González Beltrán. | ||
| 650 | |x UNIONES (INGENIERIA) |x BAMBU |x ESFUERZO CORTANTE |x RESISTENCIA DE MATERIALES |9 2472 | ||
| 700 | |a González Beltrán, Guillermo, 1974- |d Director del TFG |9 219 | ||
| 942 | |c TFG |h TFG 6398 |i 010561 |6 TFG_6398_010561000000000 | ||
| 999 | |c 15793 |d 15793 | ||
